000
00296pab a2200133 454500
008
180718b1990 xxu||||| |||| 00| 0 eng d
245
_a
Special issue on health for all
260
_c
1990
300
_a
12-57
362
_a
May
650
_a
Health Services
773
_a
Seminar
909
_a
10082
999
_c
10082
_d
10082